000 01019cam a22003133a 4500
001 38991
003 PGUSA
005 20140828083848.0
008 120226s2012||||xxu|||||s|||||000 | eng d
040 _aPGUSA
_beng
042 _adc
245 1 0 _aRoumanian Stories :
_bTranslated from the Original Roumanian
_h[electronic resource]
260 _bProject Gutenberg,
_c2012
506 _aPublic domain in the USA.
516 _aElectronic text
700 1 _aSlavici, Ioan,
_d1848-1925
700 1 _aByng, Lucy
700 1 _aCreangă, Ion,
_d1839-1889
700 1 _aCaragiale, Ion Luca,
_d1852-1912
700 1 _aDelavrancea, Barbu Ștefănescu,
_d1858-1918
700 1 _aSadoveanu, Mihail,
_d1880-1961
700 1 _aBrătescu-Voinești, Ioan Alexandru,
_d1868-1946
700 1 _aPopovici-Bănățeanu, Ion,
_d1869-1893
700 1 _aNegruzzi, Leon C.,
_d1840-1890
700 1 _aBeza, Marcu,
_d1882-1949
830 0 _aProject Gutenberg
_v38991
856 4 0 _uhttp://www.gutenberg.org/ebooks/38991
942 _cEB
999 _c268244
_d268244